[Event "FRA-chT Top 12"]
[Site "Brest"]
[Date "2019.05.28"]
[Round "11.8"]
[White "Bolon, Karelle"]
[Black "Rakotomaharo, Fy Antenaina"]
[Result "0-1"]
[WhiteElo "2018"]
[BlackElo "2410"]
[PlyCount "54"]
[EventDate "2019.05.18"]
[EventType "team-tourn"]
[EventRounds "11"]
[EventCountry "FRA"]
[SourceTitle "CBM 190 Extra"]
[Source "ChessBase"]
[SourceDate "2019.07.15"]
[SourceVersion "1"]
[SourceVersionDate "2019.07.15"]
[SourceQuality "1"]
[WhiteTeam "Tours Hauts de France St Quentin"]
[BlackTeam "Clichy"]
[WhiteTeamCountry "FRA"]
[BlackTeamCountry "FRA"]

1. d4 Nf6 2. Bg5 d5 3. e3 c5 4. c3 e6 5. Nf3 Nbd7 6. Nbd2 Qc7 7. Bf4 Bd6 8. Bxd6 Qxd6 9. Be2 b6 10. a3 0-0 11. 0-0 Bb7 12. Re1 a6 13. Bd3 Ne4 14. Bxe4 dxe4 15. Nc4 Qd5 16. Nfe5 Nxe5 17. Nxb6 Qc6 18. Nxa8 Nd3 19. Re2 Rxa8 20. b4 cxd4 21. cxd4 Rc8 22. h3 Qc3 23. Raa2 Qc1 24. Red2 Bd5 25. Ra1 Qc3 26. Re2 Nc1 27. Re1 Qxa1 0-1

[Event "FRA-chT Top 12"]
[Site "Brest"]
[Date "2019.05.25"]
[Round "8.8"]
[White "Bolon, Karelle"]
[Black "Monpeurt, Cyrielle"]
[Result "0-1"]
[WhiteElo "2018"]
[BlackElo "2166"]
[PlyCount "108"]
[EventDate "2019.05.18"]
[EventType "team-tourn"]
[EventRounds "11"]
[EventCountry "FRA"]
[SourceTitle "CBM 190 Extra"]
[Source "ChessBase"]
[SourceDate "2019.07.15"]
[SourceVersion "1"]
[SourceVersionDate "2019.07.15"]
[SourceQuality "1"]
[WhiteTeam "Tours Hauts de France St Quentin"]
[BlackTeam "Metz Fischer"]
[WhiteTeamCountry "FRA"]
[BlackTeamCountry "FRA"]

1. e4 e5 2. Nf3 Nc6 3. Bc4 Bc5 4. 0-0 Nf6 5. d4 Bxd4 6. Nxd4 Nxd4 7. f4 d6 8. fxe5 dxe5 9. Bg5 Be6 10. Na3 Qe7 11. c3 Bxc4 12. Nxc4 Ne6 13. Bxf6 gxf6 14. b4 Rg8 15. Rf2 Ng5 16. Qa4+ c6 17. Re2 Rd8 18. Qxa7 Qd7 19. Qe3 Qd3 20. Qxd3 Rxd3 21. Rc1 Ke7 22. a4 Nh3+ 23. Kf1 Nf4 24. Rec2 Rgd8 25. Nb2 Rd2 26. Nc4 R2d7 27. Ne3 Rd3 28. Nf5+ Ke6 29. g3 Nh3 30. Kg2 Ng5 31. Re1 Rd2+ 32. Rxd2 Rxd2+ 33. Kf1 Rxh2 34. Ng7+ Kd7 35. Rd1+ Kc8 36. Kg1 Rc2 37. b5 cxb5 38. axb5 Rxc3 39. b6 Rxg3+ 40. Kf2 Rb3 41. Nf5 Nxe4+ 42. Kg2 Rxb6 43. Ne7+ Kb8 44. Rd8+ Kc7 45. Rh8 Rb2+ 46. Kf3 Ng5+ 47. Ke3 Rb3+ 48. Ke2 Kd6 49. Nf5+ Kd5 50. Rd8+ Ke4 51. Nd6+ Kf4 52. Nc4 b5 53. Nd2 Re3+ 54. Kd1 Nf3 0-1

[Event "FRA-chT Top 12"]
[Site "Brest"]
[Date "2018.05.31"]
[Round "6.8"]
[White "Bolon, Karelle"]
[Black "Benmesbah, Natacha"]
[Result "0-1"]
[WhiteElo "1994"]
[BlackElo "2264"]
[PlyCount "66"]
[EventDate "2018.05.26"]
[EventType "team-tourn"]
[EventRounds "11"]
[EventCountry "FRA"]
[SourceTitle "EXT 2019"]
[Source "ChessBase"]
[SourceDate "2018.10.10"]
[SourceVersion "1"]
[SourceVersionDate "2018.10.10"]
[SourceQuality "1"]
[WhiteTeam "Saint Quentin"]
[BlackTeam "Metz Fischer"]
[WhiteTeamCountry "FRA"]
[BlackTeamCountry "FRA"]

1. d4 Nf6 2. Nf3 e6 3. e3 b6 4. Bd3 Bb7 5. c4 d5 6. Nc3 Nbd7 7. 0-0 Be7 8. b3 0-0 9. Bb2 Ne4 10. cxd5 exd5 11. Nd2 Nxc3 12. Bxc3 Bd6 13. f4 Re8 14. Rf3 Nf6 15. Rg3 Qe7 16. Rc1 a5 17. Qf3 Ba3 18. Re1 Bb4 19. Rc1 Bxc3 20. Rxc3 c5 21. Rc1 c4 22. Bf5 b5 23. Rh3 g6 24. Qg3 Bc8 25. Bxc8 Raxc8 26. bxc4 bxc4 27. Qg5 h5 28. f5 Ng4 29. Qf4 a4 30. Rf1 c3 31. f6 Qxf6 32. Qg3 cxd2 33. Rxh5 Qxf1+ 0-1

[Event "FRA-chT Top 12"]
[Site "Brest"]
[Date "2018.05.30"]
[Round "5"]
[White "Flear, Glenn C"]
[Black "Bolon, Karelle"]
[Result "1-0"]
[WhiteElo "2444"]
[BlackElo "1994"]
[PlyCount "93"]
[EventDate "2018.05.26"]
[EventType "team-tourn"]
[EventRounds "11"]
[EventCountry "FRA"]
[SourceTitle "EXT 2019"]
[Source "ChessBase"]
[SourceDate "2018.10.10"]
[SourceVersion "1"]
[SourceVersionDate "2018.10.10"]
[SourceQuality "1"]
[WhiteTeam "Nice Alekhine"]
[BlackTeam "Saint Quentin"]
[WhiteTeamCountry "FRA"]
[BlackTeamCountry "FRA"]

1. d4 d5 2. c4 c6 3. Nf3 e6 4. Qc2 Bd6 5. g3 f5 6. Bg2 Nf6 7. 0-0 Nbd7 8. b3 Qe7 9. cxd5 cxd5 10. Nc3 a6 11. Bf4 Ba3 12. Nb1 Bb4 13. a3 Bd6 14. Bxd6 Qxd6 15. Rc1 0-0 16. Qc7 Qe7 17. Nbd2 Ne8 18. Qf4 h6 19. h4 a5 20. Rc3 Nd6 21. Ne5 g5 22. hxg5 hxg5 23. Qe3 Nxe5 24. Qxe5 Nf7 25. Qc7 Qf6 26. e3 Nd8 27. Nf3 Rf7 28. Qe5 Qe7 29. Rac1 Nc6 30. Rxc6 bxc6 31. Rxc6 Bd7 32. Rc5 Rc8 33. Rxa5 Rc1+ 34. Bf1 Rh7 35. Ra8+ Kf7 36. Rh8 Kg6 37. Rg8+ Rg7 38. Qxg7+ Qxg7 39. Ne5+ Kh6 40. Rxg7 Kxg7 41. Nxd7 Kf7 42. Nc5 Ke7 43. b4 Rb1 44. Kg2 Kd6 45. Bd3 Rb2 46. Ba6 e5 47. dxe5+ 1-0

[Event "Lille Luce op 4th"]
[Site "Lille"]
[Date "2013.04.13"]
[Round "1"]
[White "Bolon, Karelle"]
[Black "Shirazi, Kamran"]
[Result "0-1"]
[WhiteElo "2066"]
[BlackElo "2405"]
[PlyCount "52"]
[EventDate "2013.04.13"]
[EventType "swiss"]
[EventRounds "9"]
[EventCountry "FRA"]
[SourceTitle "CBM 154 Extra"]
[Source "ChessBase"]
[SourceDate "2013.06.25"]
[SourceVersion "2"]
[SourceVersionDate "2013.06.25"]
[SourceQuality "1"]

1. d4 c5 2. c3 e6 3. Nf3 d5 4. Bf4 Bd6 5. e3 cxd4 6. Bxd6 Qxd6 7. exd4 Nc6 8. Bd3 Nge7 9. Qe2 f6 10. b4 a6 11. a3 e5 12. dxe5 fxe5 13. Ng5 e4 14. Bc2 Qg6 15. f4 0-0 16. 0-0 h6 17. Nxe4 dxe4 18. Bxe4 Bf5 19. Nd2 Rad8 20. Bxf5 Qxf5 21. Qc4+ Kh8 22. Ne4 Nd5 23. Ng3 Qg4 24. Qe2 Rxf4 25. Rxf4 Qxf4 26. Rf1 Qe3+ 0-1

[Event "FRA-chT2 1011"]
[Site "France"]
[Date "2010.10.17"]
[Round "1.8"]
[White "Bolon, Karelle"]
[Black "Perrusset, Barbara"]
[Result "1-0"]
[WhiteElo "2125"]
[BlackElo "1862"]
[PlyCount "77"]
[EventDate "2010.10.17"]
[EventType "team-tourn"]
[EventRounds "11"]
[EventCountry "FRA"]
[SourceTitle "EXT 2012"]
[Source "ChessBase"]
[SourceDate "2011.11.24"]
[SourceVersion "1"]
[SourceVersionDate "2011.11.24"]
[SourceQuality "1"]

1. d4 Nf6 2. Bf4 d6 3. c3 g6 4. Nf3 Bg7 5. h3 0-0 6. e3 Nbd7 7. Be2 c5 8. Nbd2 a6 9. a4 b6 10. 0-0 Rb8 11. Bh2 b5 12. axb5 axb5 13. e4 Qb6 14. e5 Ne8 15. Ne4 cxd4 16. cxd4 Bb7 17. Nc3 Bxf3 18. Bxf3 dxe5 19. dxe5 Nxe5 20. Nd5 Qd8 21. Ra7 Nxf3+ 22. Qxf3 e5 23. Rd1 Qg5 24. Ne7+ Kh8 25. Nc6 Rc8 26. Rxf7 Nf6 27. Nxe5 Kg8 28. Rxf8+ Rxf8 29. Qb3+ Kh8 30. Nf7+ Rxf7 31. Qxf7 h5 32. Qb3 Ne4 33. Qf3 Nc5 34. Qd5 Qxd5 35. Rxd5 Na4 36. Rxb5 Nxb2 37. Rb8+ Kh7 38. Rb7 Kg8 39. Rxg7+ 1-0

[Event "Reunion op 10th"]
[Site "St Denis"]
[Date "2008.10.18"]
[Round "9"]
[White "Bolon, Karelle"]
[Black "Adrian, Claude"]
[Result "0-1"]
[WhiteElo "2054"]
[BlackElo "2294"]
[PlyCount "134"]
[EventDate "2008.10.11"]
[EventType "swiss"]
[EventRounds "9"]
[EventCountry "RUF"]
[SourceTitle "EXT 2009"]
[Source "ChessBase"]
[SourceDate "2008.11.26"]
[SourceVersion "1"]
[SourceVersionDate "2008.11.26"]
[SourceQuality "1"]

1. d4 c5 2. d5 e6 3. e4 exd5 4. exd5 d6 5. Nc3 Nf6 6. h3 Be7 7. Nf3 0-0 8. Be2 Na6 9. Nb5 Bd7 10. a4 Nb4 11. c4 a6 12. Nc3 b5 13. a5 bxc4 14. Bxc4 Bb5 15. b3 Nd7 16. 0-0 Bf6 17. Bd2 Rb8 18. Ra3 Re8 19. Re1 Bxc4 20. bxc4 Nd3 21. Rxe8+ Qxe8 22. Na4 Qe4 23. Ng5 Qxc4 24. Qf3 N3e5 25. Qh5 Bxg5 26. Bxg5 Ng6 27. Qg4 Nde5 28. Qxc4 Nxc4 29. Ra1 h6 30. Bc1 Rb5 31. Nc3 Rxa5 32. Rb1 Nge5 33. Kf1 Nd3 34. Ke2 Nxc1+ 35. Rxc1 f5 36. g4 g6 37. gxf5 gxf5 38. f4 Kf7 39. Rb1 Ke7 40. Rb7+ Kd8 41. Rh7 Ra3 42. Kd3 Nb6 43. Rxh6 Na4 44. Rxd6+ Ke7 45. Rxa6 Rxc3+ 46. Kd2 Rc4 47. Ke3 Rd4 48. Ra5 Kd6 49. h4 Nc3 50. Ra6+ Kxd5 51. Rf6 Nd1+ 52. Kf3 Rd3+ 53. Ke2 c4 54. Rxf5+ Ke4 55. Rf8 Nc3+ 56. Kf2 Rf3+ 57. Ke1 Rxf4 58. Re8+ Kd3 59. Rd8+ Ke3 60. Re8+ Ne4 61. h5 Rh4 62. Kd1 Rxh5 63. Kc2 Rh2+ 64. Kb1 Kd3 65. Rd8+ Kc3 66. Rd1 Kb3 67. Re1 Nc3+ 0-1

[Event "Reunion op 10th"]
[Site "St Denis"]
[Date "2008.10.16"]
[Round "7"]
[White "Bolon, Karelle"]
[Black "Ane, Regis"]
[Result "1-0"]
[WhiteElo "2054"]
[BlackElo "1986"]
[PlyCount "41"]
[EventDate "2008.10.11"]
[EventType "swiss"]
[EventRounds "9"]
[EventCountry "RUF"]
[SourceTitle "EXT 2009"]
[Source "ChessBase"]
[SourceDate "2008.11.26"]
[SourceVersion "1"]
[SourceVersionDate "2008.11.26"]
[SourceQuality "1"]

1. d4 Nf6 2. Bf4 g6 3. Nc3 d5 4. Nf3 Bg7 5. h3 0-0 6. e3 c6 7. Bd3 Nbd7 8. Qd2 Re8 9. g4 b5 10. a4 b4 11. Ne2 a5 12. Ng3 Nb6 13. Ne5 Bb7 14. h4 Nfd7 15. h5 Nxe5 16. Bxe5 f6 17. hxg6 fxe5 18. Rxh7 exd4 19. Nf5 Bf8 20. f4 e6 21. Rh8+ 1-0

[Event "Reunion op 10th"]
[Site "St Denis"]
[Date "2008.10.15"]
[Round "5"]
[White "Bolon, Karelle"]
[Black "Ranaivoharisoa, Alain"]
[Result "1-0"]
[WhiteElo "2054"]
[BlackElo "2061"]
[PlyCount "142"]
[EventDate "2008.10.11"]
[EventType "swiss"]
[EventRounds "9"]
[EventCountry "RUF"]
[SourceTitle "EXT 2009"]
[Source "ChessBase"]
[SourceDate "2008.11.26"]
[SourceVersion "1"]
[SourceVersionDate "2008.11.26"]
[SourceQuality "1"]

1. d4 Nf6 2. Bf4 d5 3. e3 Bf5 4. c4 c6 5. Qb3 Qb6 6. c5 Qxb3 7. axb3 Nfd7 8. Nf3 h6 9. b4 g5 10. Bg3 Bg7 11. Be2 0-0 12. 0-0 Bg4 13. Nc3 Bxf3 14. Bxf3 e5 15. Rfd1 Na6 16. b5 Nc7 17. Be2 Ne6 18. Ra4 f5 19. h3 f4 20. Bh2 exd4 21. exd4 Rfe8 22. Bg4 Ndf8 23. g3 Ng6 24. Bh5 Kh7 25. bxc6 bxc6 26. Ne2 Rf8 27. Bg4 Rae8 28. Kg2 Re7 29. Ra6 fxg3 30. fxg3 Nd8 31. b4 Rb7 32. Rb1 Ne7 33. Bg1 Nf5 34. b5 cxb5 35. Bf3 Ne7 36. Nc3 Rd7 37. Rxb5 Ndc6 38. Nxd5 Nxd4 39. Be4+ Kg8 40. Bxd4 Bxd4 41. Nxe7+ Rxe7 42. Rg6+ Kf7 43. Bd3 Rd8 44. Rxh6 Bg7 45. Bc4+ Kf8 46. Rd6 Rde8 47. c6 Be5 48. Rd7 Bf6 49. Rf5 Kg7 50. Rd6 Rf8 51. Re6 Rxe6 52. Bxe6 Bd8 53. Rd5 Bb6 54. Rxg5+ Kh6 55. Rf5 Re8 56. Bc4 Re4 57. Bd3 Re3 58. Rf6+ Kg7 59. Rf3 Re6 60. Bb5 Re5 61. Ba4 Re2+ 62. Kf1 Re5 63. g4 Kh6 64. Rc3 Re7 65. Kg2 Kg5 66. Kg3 Bc7+ 67. Kf3 Kh4 68. Rc5 Rh7 69. Bc2 Rh8 70. Bg6 a5 71. Rb5 Rh6 1-0

[Event "Reunion op 10th"]
[Site "St Denis"]
[Date "2008.10.12"]
[Round "3"]
[White "Bolon, Karelle"]
[Black "Desor, Helmut"]
[Result "1/2-1/2"]
[WhiteElo "2054"]
[BlackElo "1540"]
[PlyCount "44"]
[EventDate "2008.10.11"]
[EventType "swiss"]
[EventRounds "9"]
[EventCountry "RUF"]
[SourceTitle "EXT 2009"]
[Source "ChessBase"]
[SourceDate "2008.11.26"]
[SourceVersion "1"]
[SourceVersionDate "2008.11.26"]
[SourceQuality "1"]

1. e4 e5 2. Nf3 Nc6 3. Bb5 d6 4. d3 Bd7 5. c3 Nf6 6. 0-0 g6 7. Re1 a6 8. Ba4 b5 9. Bc2 Bg7 10. Nbd2 0-0 11. Nf1 Nh5 12. d4 Bg4 13. d5 Ne7 14. Ne3 Bd7 15. a4 Nf6 16. axb5 axb5 17. Bd2 Rxa1 18. Qxa1 Qa8 19. b3 Qb7 20. c4 Ng4 21. Qc3 Nxe3 22. Qxe3 f5 1/2-1/2

[Event "FRA-ch U20 Girls"]
[Site "Le Grand Bornand"]
[Date "2007.04.15"]
[Round "9"]
[White "Bolon, Karelle"]
[Black "Magnin, Segolene"]
[Result "1-0"]
[WhiteElo "2107"]
[BlackElo "1796"]
[PlyCount "103"]
[EventDate "2007.04.07"]
[EventType "swiss"]
[EventRounds "9"]
[EventCountry "FRA"]
[SourceTitle "CBM 118 Extra"]
[Source "ChessBase"]
[SourceDate "2007.07.04"]
[SourceVersion "1"]
[SourceVersionDate "2007.07.04"]
[SourceQuality "1"]

1. d4 Nf6 2. Bg5 d5 3. Nd2 e6 4. e3 Be7 5. Bd3 Nbd7 6. Ngf3 c5 7. c3 Qc7 8. 0-0 0-0 9. Re1 Re8 10. c4 cxd4 11. exd4 Nb6 12. c5 Nbd7 13. Bh4 Nh5 14. Ng5 g6 15. Ndf3 h6 16. Nxe6 fxe6 17. Bxg6 Nhf6 18. Bxe8 Nf8 19. Ba4 Ne4 20. Bg3 Nxg3 21. fxg3 b6 22. Ne5 Bf6 23. Qf3 Qg7 24. Rf1 Nh7 25. Bc2 Bxe5 26. Bxh7+ Kxh7 27. dxe5 Ba6 28. Rf2 bxc5 29. Qa3 Bc4 30. Qxc5 Rg8 31. Qd4 Qg6 32. Qxa7+ Rg7 33. Qd4 h5 34. b3 Bd3 35. Rf6 Qe4 36. Qxe4+ Bxe4 37. a4 h4 38. Kf2 hxg3+ 39. hxg3 Bc2 40. Rf3 d4 41. b4 Ra7 42. b5 Rb7 43. Ke2 Be4 44. Rf4 d3+ 45. Ke3 Bf5 46. g4 Bg6 47. Rd4 Kg7 48. Rxd3 Bxd3 49. Kxd3 Kg6 50. Kc4 Rc7+ 51. Kb4 Rd7 52. a5 1-0

[Event "FRA-ch U20 Girls"]
[Site "Le Grand Bornand"]
[Date "2007.04.14"]
[Round "8"]
[White "Maupin, Valerie"]
[Black "Bolon, Karelle"]
[Result "0-1"]
[WhiteElo "2020"]
[BlackElo "2107"]
[PlyCount "108"]
[EventDate "2007.04.07"]
[EventType "swiss"]
[EventRounds "9"]
[EventCountry "FRA"]
[SourceTitle "CBM 118 Extra"]
[Source "ChessBase"]
[SourceDate "2007.07.04"]
[SourceVersion "1"]
[SourceVersionDate "2007.07.04"]
[SourceQuality "1"]

1. d4 d5 2. c4 c6 3. Nf3 Nf6 4. e3 e6 5. Nc3 Nbd7 6. Bd3 dxc4 7. Bxc4 b5 8. Bd3 Bb7 9. 0-0 a6 10. e4 c5 11. d5 c4 12. dxe6 fxe6 13. Bc2 Qc7 14. e5 Ng4 15. Bf4 0-0-0 16. Ng5 Ndxe5 17. Nxe6 Rxd1 18. Raxd1 Qb6 19. Rd8+ Qxd8 20. Nxd8 Kxd8 21. h3 Nd3 22. Bxd3 cxd3 23. hxg4 b4 24. Nd1 Bc5 25. Ne3 Rf8 26. Bg5+ Kd7 27. Rd1 Be4 28. Bh4 Kc6 29. Nc4 g5 30. Bg3 Kb5 31. b3 Rd8 32. Be5 Kc6 33. Kf1 Rf8 34. Rd2 Kd5 35. f3 Bd4 36. Bxd4 Kxd4 37. Ke1 Bg6 38. Kd1 Ra8 39. Na5 Rc8 40. Nc4 Rc5 41. Rf2 a5 42. Nb2 Ke3 43. Rd2 Rc8 44. Nc4+ Kd4 45. g3 a4 46. Nb6 Rf8 47. Rf2 axb3 48. axb3 Kc3 49. f4 Kxb3 50. f5 Bf7 51. Rf3 Kc3 52. Nd7 Ra8 53. Ke1 b3 54. Ne5 Bc4 0-1